000 00480nam a2200145 a 4500
008 120416s1969 ||||||||||||||||| || u
050 _aREF TK 7881.4 Tre
100 _aTremaine, Howard M
245 1 0 _aAudio cyclopedia
250 _a2nd ed
260 _aIndianapolis
_bHoward W. Same
_c1969
300 _a1757p. : ill.
350 _a0.00
995 _D0.00
_FCBU-MAIN LIBRARY (Kitwe)
_H1
_I68.00
_M1
_UDAMAGED
_ZReference Collection
999 _c35278
_d35278